Iniciacin̤ al derecho

Detalles Bibliográficos
Autor principal: Garca̕ Garrido, Manuel Jess︢
Otros Autores: Fernǹdez-Galiano, Antonio
Formato: Desconocido
Lenguaje:español
Publicado: [Madrid] : Universitas, 2001
Materias:
Acceso en línea:Acceso restringido

MARC

LEADER 00000ny a22000003n 4500
005 20110603135652.0
008 080613s2001 sp 000 0 spa c
020 |a 9788479911676 
035 |a 766 
040 |a UMA.DER  |d vLex 
080 |a 34(035) 
090 |c 444  |d 444 
100 1 |a Garca̕ Garrido, Manuel Jess︢ 
245 1 0 |a Iniciacin̤ al derecho  |h [Recurso electrn̤ico]  |c Manuel Garca̕ Garrido, Antonio Fernǹdez-Galiano 
256 |a Servicio en ln̕ea 
260 |a [Madrid] :  |b Universitas,  |c 2001 
506 1 |a Contenido solo disponible en los productos indicados  |d vLex Global  |d vLex Global (Academic Edition, excluding Law Schools)  |d vLex Global (U.S. Academic Edition, Law Schools)  |d vLex Global (U.S. Academic Edition, excluding Law Schools)  |d vLex Global (Academic Edition, Law Schools) 
650 0 7 |a Derecho  |2 Tesauro vLex 
650 0 7 |a Filosofa̕ del derecho  |2 Tesauro vLex 
650 0 7 |a Ciencia del Derecho  |2 Tesauro vLex 
700 1 |a Fernǹdez-Galiano, Antonio 
740 0 |a vLex Libros (Servicios en ln̕ea) 
856 4 0 |u http://vlex.com/source/766  |z Acceso restringido 
942 |c BOOK 
999 0 |a Law  |b Madrid